Quick Pick: Happy Birthday Languages Quiz Stats

 Plays Quiz Updated Apr 28, 2018

Score 0/14 Timer 01:30
0 Plays Today
% Correct
English
97%
Spanish
93.7%
French
93.6%
Hawaiian
89.7%
Italian
80.5%
Greek
77.8%
Thai
77.2%
% Correct
Japanese
77.1%
Korean
76.8%
Polish
76.2%
Danish
70.5%
Dutch
69.2%
Slovenian
53.7%
Bosnian
47.1%

Today's Daily Dose

You're not logged in!

Compare scores with friends on all Sporcle quizzes.
OR
Log In

Sporcle TV

Today on Sporcle TV


Watch our educational content, quiz creation guides, and fun videos on Sporcle TV.

Show Comments

Extras

Top Quizzes Today


Score Distribution

Your Account Isn't Verified!

In order to create a playlist on Sporcle, you need to verify the email address you used during registration. Go to your Sporcle Settings to finish the process.

Report this User

Report this user for behavior that violates our Community Guidelines.

Details: